Ferrocarril complementario de Balaguer a Figueras : ferrocarril estratégico de Blanes al Perthús : tranvía eléctrico de Figueras a Llansá : estudio, proyecto ... / por Rosendo Fortunet y Busquets ferrocarril estratégico de Blanes al Perthús :
Publicado:
Barcelona (Imp. E. Subirana), [191 - ?] :
Descripción Física:
56 p., [1] map pleg. ; 24 cm
Materias:
Ferrocarrils -- Catalunya -- Projectes
MARC
| LEADER | 00000nam a2200000Ia 4500 | ||
|---|---|---|---|
| 001 | 405 | ||
| 008 | 160829s9999 xx 000 0 cat d | ||
| 080 | |a C-1-515 | ||
| 100 | |a Fortunet i Busquets, Rossend |9 42542 | ||
| 245 | |a Ferrocarril complementario de Balaguer a Figueras : |b ferrocarril estratégico de Blanes al Perthús : |b tranvía eléctrico de Figueras a Llansá : |b estudio, proyecto ... / por Rosendo Fortunet y Busquets | ||
| 260 | |a Barcelona (Imp. E. Subirana), [191 - ?] | ||
| 300 | |a 56 p., [1] map pleg. ; |c 24 cm | ||
| 590 | |a Prové de 3197 | ||
| 650 | |a Ferrocarrils |x Catalunya |x Projectes |9 46718 | ||
| 901 | |a Arxiu | ||
| 942 | |n 1 | ||
| 952 | |0 0 |1 0 |4 0 |6 C1515 |7 1 |9 50893 |a Arxiu |b Arxiu |d 2016-12-01 |l 0 |o C-1-515 |p 405 |r 2016-12-01 00:00:00 |w 2016-12-01 |y ARXIU | ||
| 999 | |c 54735 |d 54735 | ||